000 00946nam a22002897a 4500
003 CHAP
005 20220329135009.0
008 971013s1966 r 00010 d
010 _a29266
011 _a30238
035 _a34350
040 _cCHAP
090 _aTesis
100 0 0 _aContreras Ayala, Crescenciana.
_927463
245 _aEfectos que sobre el desarrollo en pollos de engorda se obtienen por la separación por sexos
260 _aMéxico, D.F. :
_bEl autor,
_c1966
300 _a29 h.
502 _aTesis (Médico Veterinario Zootecnista) -- UNAM. Esc. Nac. de Medicina Veterinaria y Zootecnia
590 _aALEPH
_b10
_c20130110
_lUCH01
_h1251
590 _aBATCH-UPD
_b10
_c20130110
_lUCH01
_h1706
590 _aCONVERSION
_b10
_c20130109
_lUCH01
_h1317
650 1 4 _aAves de corral
_xEngorda.
_98647
650 1 4 _aAves de corral
_xSexaje.
_98682
901 _aBK
942 _cTESIS
949 _bBC
_cTES
_d-79572
_eTS1
_i34350
_si
999 _c29266
_d29266